Himalayan polyandry, structure, functioning and culture change; (Record no. 53490)

MARC details
000 -LEADER
fixed length control field 00695cam a22002291 4500
001 - CONTROL NUMBER
control field sa 63000442
003 - CONTROL NUMBER IDENTIFIER
control field DLC
005 - DATE AND TIME OF LATEST TRANSACTION
control field 20260227111921.0
008 - FIXED-LENGTH DATA ELEMENTS--GENERAL INFORMATION
fixed length control field 720310s1962 ii ab 000 0 eng
010 ## - LIBRARY OF CONGRESS CONTROL NUMBER
LC control number sa 63000442
015 ## - NATIONAL BIBLIOGRAPHY NUMBER
National bibliography number GB63-77
035 ## - SYSTEM CONTROL NUMBER
System control number (OCoLC)261165
040 ## - CATALOGING SOURCE
Original cataloging agency DLC
Transcribing agency OAU
Modifying agency NcRS
-- Uk
-- DLC
042 ## - AUTHENTICATION CODE
Authentication code premarc
050 00 - LIBRARY OF CONGRESS CALL NUMBER
Classification number GN480.6
Item number .M29
100 1# - MAIN ENTRY--PERSONAL NAME
Personal name Majumdar, Dhirendra Nath.
245 10 - TITLE STATEMENT
Title Himalayan polyandry, structure, functioning and culture change;
Remainder of title a field-study of Jaunsar-Bawar.
260 ## - PUBLICATION, DISTRIBUTION, ETC.
Place of publication, distribution, etc. Bombay,
-- New York,
Name of publisher, distributor, etc. Asia Pub. House
Date of publication, distribution, etc. [1962]
300 ## - PHYSICAL DESCRIPTION
Extent xi, 389 p.
Other physical details illus., maps
Dimensions 25 cm.
650 #0 - SUBJECT ADDED ENTRY--TOPICAL TERM
Topical term or geographic name entry element Polyandry.
650 #0 - SUBJECT ADDED ENTRY--TOPICAL TERM
Topical term or geographic name entry element Ethnology
Geographic subdivision India
-- Uttar Pradesh.

No items available.

Powered by Koha